D-C and A-C machines (Record no. 23152)

000 -LEADER
fixed length control field 00536nam a22001931 4500
001 - CONTROL NUMBER
control field 23152
003 - CONTROL NUMBER IDENTIFIER
control field BD-DhUET
008 - FIXED-LENGTH DATA ELEMENTS--GENERAL INFORMATION
fixed length control field 751002s1952 nyua 000 0 eng
040 ## - CATALOGING SOURCE
Original cataloging agency DLC
Transcribing agency FMU
Modifying agency BD-DhUET
082 ## - DEWEY DECIMAL CLASSIFICATION NUMBER
Classification number 623.13
Item number LIW/1952
100 ## - MAIN ENTRY--PERSONAL NAME
Personal name Liwschitz-Garik, Michael
245 10 - TITLE STATEMENT
Title D-C and A-C machines
Remainder of title based on fundamental laws
250 ## - EDITION STATEMENT
Edition statement 1st ed.
260 ## - PUBLICATION, DISTRIBUTION, ETC. (IMPRINT)
Place of publication, distribution, etc. New York
Name of publisher, distributor, etc. D. Van Nostrand
Date of publication, distribution, etc. 1952
300 ## - PHYSICAL DESCRIPTION
Extent xx,508p.
Other physical details ill.
Dimensions 24 cm.
650 #0 - SUBJECT ADDED ENTRY--TOPICAL TERM
Topical term or geographic name as entry element Machines : Electricity : Engineering
700 ## - ADDED ENTRY--PERSONAL NAME
Personal name Weil, Robert T.
942 ## - ADDED ENTRY ELEMENTS (KOHA)
Koha item type General Book
Holdings
Piece designation (barcode) Price effective from Withdrawn status Koha date last seen Koha full call number Copy number Source of classification or shelving scheme Shelving location Date acquired Not for loan Location (home branch) Koha normalized classification for sorting Koha item type Lost status Sublocation or collection (holding branch) Damaged status
138392015-05-02 2015-05-02623.13/LIW/19521 Circulation section2015-05-02 Central Library, BUET623_130000000000000_LIW_1952General Book Central Library, BUET 
209652015-05-03 2015-05-03623.13/LIW/19522 Circulation section2015-05-03 Central Library, BUET623_130000000000000_LIW_1952General Book Central Library, BUET 
409572015-05-03 2015-05-03623.13/LIW/19523 Circulation section2015-05-03 Central Library, BUET623_130000000000000_LIW_1952General Book Central Library, BUET